Gate-2023 (Record no. 13720)

000 -LEADER
fixed length control field 00464nam a22001937a 4500
003 - CONTROL NUMBER IDENTIFIER
control field OSt
005 - DATE AND TIME OF LATEST TRANSACTION
control field 20250910120608.0
008 - FIXED-LENGTH DATA ELEMENTS--GENERAL INFORMATION
fixed length control field 250910b ||||| |||| 00| 0 eng d
020 ## - INTERNATIONAL STANDARD BOOK NUMBER
International Standard Book Number 9789394168428
040 ## - CATALOGING SOURCE
Original cataloging agency BMSCA
041 ## - LANGUAGE CODE
Language code of text/sound track or separate title eng
082 ## - DEWEY DECIMAL CLASSIFICATION NUMBER
Edition number 23
Item number JAIN
100 ## - MAIN ENTRY--PERSONAL NAME
Personal name Jain, Jinisha
245 ## - TITLE STATEMENT
Title Gate-2023
Remainder of title Architecture & Planning Volume 01
260 ## - PUBLICATION, DISTRIBUTION, ETC. (IMPRINT)
Place of publication, distribution, etc New Delhi
Name of publisher, distributor, etc G.K. Publications (P) LTD.
Date of publication, distribution, etc c2022
300 ## - PHYSICAL DESCRIPTION
Dimensions 80cm
650 ## - SUBJECT ADDED ENTRY--TOPICAL TERM
Source of heading or term LCSH
942 ## - ADDED ENTRY ELEMENTS (KOHA)
Source of classification or shelving scheme
Holdings
Withdrawn status Lost status Source of classification or shelving scheme Damaged status Koha normalized classification for sorting Not for loan Permanent location Current location Date acquired Full call number Barcode Date last seen Price effective from Non-public note Koha item type
        JAIN   BMS College of Architecture, Design and Planning BMS College of Architecture, Design and Planning 2025-09-10 JAIN AR-DB745 2025-09-10 2025-09-10 Donated by Shwetha K Purohith Donated Book
Copyright © 2025, The Librarian, Library and Information Centre, BMSCA D&P, Bengaluru. All Rights Reserved
web counter

Powered by Koha